[Event "Eliminacje_Strefowe_OP_SL_2024_C13"]
[Site "?"]
[Date "2024.09.10"]
[Round "2.3"]
[White "Reterski, Wiktor"]
[Black "Pawleta, Mateusz"]
[Result "1-0"]
[BlackElo "1767"]
[WhiteElo "1621"]
[LiveChessVersion "1.4.8"]

1. e4 {[%clk 1:30:59]} c5 {[%clk 1:30:52]} 2. Nf3 {[%clk 1:31:25]} e6
{[%clk 1:31:15]} 3. g3 {[%clk 1:31:50]} b6 {[%clk 1:31:30]} 4. Bg2
{[%clk 1:31:50]} Bb7 {[%clk 1:31:48]} 5. d3 {[%clk 1:31:23]} Nc6 {[%clk 1:28:54]}
6. O-O {[%clk 1:29:01]} Nf6 {[%clk 1:18:06]} 7. c3 {[%clk 1:25:23]} Be7
{[%clk 1:06:11]} 8. Re1 {[%clk 1:21:04]} O-O {[%clk 1:03:42]} 9. d4
{[%clk 1:18:21]} d5 {[%clk 1:00:35]} 10. e5 {[%clk 1:15:05]} Ne4 {[%clk 0:48:50]}
11. h4 {[%clk 1:11:12]} cxd4 {[%clk 0:41:28]} 12. Nxd4 {[%clk 1:02:56]} Nc5 13.
Qg4 {[%clk 0:54:47]} Kh8 {[%clk 0:18:13]} 14. Bf1 {[%clk 0:50:53]} Qc7
{[%clk 0:12:06]} 15. Bf4 {[%clk 0:42:06]} a6 {[%clk 0:11:16]} 16. h5
{[%clk 0:32:52]} h6 {[%clk 0:11:12]} 17. Nd2 {[%clk 0:25:22]} Rg8
{[%clk 0:07:11]} 18. N2f3 {[%clk 0:21:16]} Qd8 {[%clk 0:06:09]} 19. Nxc6
{[%clk 0:20:48]} Bxc6 {[%clk 0:06:32]} 20. Nd4 {[%clk 0:20:52]} Bb7
{[%clk 0:06:28]} 21. b4 {[%clk 0:13:43]} Ne4 {[%clk 0:06:29]} 22. Bd3
{[%clk 0:10:48]} Bg5 {[%clk 0:04:20]} 23. Bxg5 {[%clk 0:09:26]} Qxg5
{[%clk 0:04:33]} 24. Qxg5 {[%clk 0:09:20]} Nxg5 {[%clk 0:04:30]} 25. f4
{[%clk 0:08:48]} Ne4 {[%clk 0:04:23]} 26. Bxe4 {[%clk 0:09:10]} dxe4
{[%clk 0:04:48]} 27. c4 {[%clk 0:08:40]} Rgd8 {[%clk 0:04:47]} 28. Red1
{[%clk 0:08:38]} a5 {[%clk 0:04:15]} 29. c5 {[%clk 0:06:27]} Rac8
{[%clk 0:02:02]} 30. cxb6 {[%clk 0:04:47]} axb4 {[%clk 0:02:27]} 31. Nb5
{[%clk 0:04:28]} Rxd1+ {[%clk 0:00:33]} 32. Rxd1 {[%clk 0:04:56]} Rc2
{[%clk 0:00:42]} 33. Nd6 {[%clk 0:04:25]} Ba6 {[%clk 0:00:34]} 34. b7
{[%clk 0:04:21]} Bxb7 {[%clk 0:00:52]} 35. Nxb7 {[%clk 0:04:46]} Rxa2
{[%clk 0:01:04]} 36. Nd6 {[%clk 0:04:07]} Ra3 {[%clk 0:00:38]} 37. Nxe4
{[%clk 0:03:29]} Re3 {[%clk 0:01:00]} 38. Nd6 {[%clk 0:03:08]} Kg8
{[%clk 0:00:45]} 39. Kf2 {[%clk 0:03:08]} Rc3 {[%clk 0:01:05]} 40. Rb1
{[%clk 0:02:06]} b3 {[%clk 0:01:24]} 41. Ne4 {[%clk 0:02:04]} Rc2+
{[%clk 0:01:37]} 42. Ke3 {[%clk 0:02:22]} b2 {[%clk 0:01:48]} 43. Nf2
{[%clk 0:02:18]} f6 {[%clk 0:01:30]} 44. exf6 {[%clk 0:02:12]} gxf6
{[%clk 0:01:56]} 45. Ne4 {[%clk 0:01:27]} Kf7 {[%clk 0:02:13]} 46. Nf2
{[%clk 0:01:11]} f5 {[%clk 0:02:22]} 47. Nd3 {[%clk 0:01:15]} Rh2
{[%clk 0:02:30]} 48. Rxb2 {[%clk 0:01:21]} Rxh5 {[%clk 0:02:47]} 49. Rb7+
{[%clk 0:01:44]} Ke8 {[%clk 0:02:38]} 50. Kf3 {[%clk 0:01:18]} Rh1
{[%clk 0:02:48]} 51. Kg2 {[%clk 0:01:12]} Rd1 {[%clk 0:03:06]} 52. Ne5
{[%clk 0:01:22]} Rd2+ {[%clk 0:03:24]} 53. Kh3 {[%clk 0:01:37]} Rd1
{[%clk 0:03:35]} 54. Rh7 {[%clk 0:01:30]} h5 {[%clk 0:03:23]} 55. Ng6
{[%clk 0:01:20]} Re1 {[%clk 0:03:27]} 56. Kh4 {[%clk 0:01:06]} Rh1+
{[%clk 0:02:38]} 57. Kg5 {[%clk 0:01:21]} Kd8 {[%clk 0:02:29]} 58. Rxh5
{[%clk 0:01:06]} Rg1 {[%clk 0:02:45]} 59. Rh3 {[%clk 0:01:26]} Kd7
{[%clk 0:02:52]} 60. Kf6 {[%clk 0:01:33]} Re1 {[%clk 0:03:10]} 61. Ne5+
{[%clk 0:01:48]} Kd6 {[%clk 0:03:25]} 62. Rh7 {[%clk 0:01:56]} Rg1
{[%clk 0:03:41]} 63. Rg7 {[%clk 0:01:58]} Kd5 {[%clk 0:04:01]} 64. Rd7+
{[%clk 0:01:38]} Ke4 {[%clk 0:04:16]} 65. Rd3 {[%clk 0:01:32]} Rh1
{[%clk 0:04:16]} 66. Ra3 {[%clk 0:01:48]} Kd5 {[%clk 0:04:17]} 67. Ng6
{[%clk 0:02:02]} Re1 {[%clk 0:04:32]} 68. Ne5 {[%clk 0:01:55]} Rh1
{[%clk 0:04:50]} 69. Rd3+ {[%clk 0:02:05]} Ke4 {[%clk 0:05:08]} 70. Kxe6
{[%clk 0:02:07]} Rh6+ {[%clk 0:05:33]} 71. Kf7 {[%clk 0:02:28]} Ra6
{[%clk 0:05:49]} 72. Rb3 {[%clk 0:02:28]} Rh6 {[%clk 0:05:58]} 73. Ng6
{[%clk 0:01:56]} Rh5 {[%clk 0:05:44]} 74. Kf6 {[%clk 0:02:12]} Rh3
{[%clk 0:06:01]} 75. Nh4 {[%clk 0:02:10]} Rh1 {[%clk 0:06:14]} 76. Nxf5
{[%clk 0:02:14]} 1-0

[Event "Eliminacje_Strefowe_OP_SL_2024_C13"]
[Site "?"]
[Date "2024.09.10"]
[Round "2.4"]
[White "Czeremcha, Piotr"]
[Black "Myslowski, Tomasz"]
[Result "1-0"]
[BlackElo "1457"]
[WhiteElo "1762"]
[LiveChessVersion "1.4.8"]

1. d4 {[%clk 1:30:57]} e6 {[%clk 1:30:54]} 2. c4 {[%clk 1:31:22]} f5
{[%clk 1:31:15]} 3. Nc3 {[%clk 1:31:27]} Nf6 {[%clk 1:31:12]} 4. Nf3
{[%clk 1:30:50]} Be7 {[%clk 1:31:07]} 5. e3 {[%clk 1:25:47]} O-O {[%clk 1:30:22]}
6. Be2 {[%clk 1:25:34]} b6 {[%clk 1:29:09]} 7. O-O {[%clk 1:25:08]} Bb7
{[%clk 1:28:32]} 8. d5 {[%clk 1:22:46]} a6 {[%clk 0:54:13]} 9. Nd4
{[%clk 1:17:35]} Bc5 {[%clk 0:48:18]} 10. Bf3 {[%clk 1:11:51]} Ra7
{[%clk 0:42:01]} 11. Nb3 {[%clk 0:58:49]} Bd6 {[%clk 0:38:48]} 12. Nd4
{[%clk 0:53:23]} Bc5 {[%clk 0:37:00]} 13. dxe6 {[%clk 0:50:55]} Bxd4
{[%clk 0:36:30]} 14. exd4 {[%clk 0:50:36]} Bxf3 {[%clk 0:35:44]} 15. Qxf3
{[%clk 0:50:21]} dxe6 {[%clk 0:35:45]} 16. Be3 {[%clk 0:50:19]} Qd7
{[%clk 0:30:38]} 17. Rad1 {[%clk 0:45:04]} Nc6 {[%clk 0:29:21]} 18. d5
{[%clk 0:44:17]} Ne7 {[%clk 0:25:36]} 19. Bd4 {[%clk 0:40:53]} exd5
{[%clk 0:22:48]} 20. Bxf6 {[%clk 0:41:03]} Rxf6 {[%clk 0:23:07]} 21. Nxd5
{[%clk 0:41:18]} Nxd5 {[%clk 0:22:14]} 22. Rxd5 {[%clk 0:41:21]} Qe6
{[%clk 0:17:49]} 23. Qd1 {[%clk 0:30:08]} Rf8 {[%clk 0:17:03]} 24. Re1
{[%clk 0:28:16]} Qf6 {[%clk 0:16:24]} 25. Rd7 {[%clk 0:26:31]} Raa8
{[%clk 0:10:44]} 26. Rxc7 {[%clk 0:23:24]} Rad8 {[%clk 0:09:10]} 27. Rd7
{[%clk 0:19:44]} g6 {[%clk 0:07:54]} 28. g3 {[%clk 0:12:59]} Rxd7
{[%clk 0:06:00]} 29. Qxd7 {[%clk 0:12:31]} Qxb2 30. Re7 {[%clk 0:11:22]} Qf6
{[%clk 0:02:43]} 31. Rxh7 {[%clk 0:07:52]} Rf7 {[%clk 0:02:25]} 32. Rxf7
{[%clk 0:08:07]} Qxf7 {[%clk 0:02:49]} 33. Qxf7+ {[%clk 0:07:09]} Kxf7
{[%clk 0:03:11]} 34. h4 {[%clk 0:06:08]} Kf6 {[%clk 0:03:00]} 35. f3
{[%clk 0:06:03]} Ke5 {[%clk 0:03:10]} 36. Kf2 {[%clk 0:06:15]} Kd4
{[%clk 0:02:54]} 37. g4 {[%clk 0:06:31]} f4 {[%clk 0:02:25]} 38. Ke2
{[%clk 0:06:06]} Ke5 {[%clk 0:01:58]} 39. Kd3 {[%clk 0:06:11]} Ke6
{[%clk 0:02:08]} 40. Ke4 {[%clk 0:06:25]} Kd6 {[%clk 0:02:07]} 41. Kxf4
{[%clk 0:06:44]} Kc5 {[%clk 0:02:11]} 42. h5 {[%clk 0:07:06]} 1-0

[Event "Eliminacje_Strefowe_OP_SL_2024_C13"]
[Site "?"]
[Date "2024.09.10"]
[Round "2.6"]
[White "Dudek, Bartlomiej"]
[Black "Plowy, Karol"]
[Result "0-1"]
[BlackElo "1638"]
[WhiteElo "1558"]
[LiveChessVersion "1.4.8"]

1. e4 {[%clk 1:30:49]} c5 {[%clk 1:30:56]} 2. Nf3 {[%clk 1:31:12]} d6
{[%clk 1:31:20]} 3. Bb5+ {[%clk 1:31:17]} Bd7 {[%clk 1:31:38]} 4. Bxd7+
{[%clk 1:31:15]} Qxd7 {[%clk 1:31:39]} 5. O-O {[%clk 1:31:31]} Nc6
{[%clk 1:30:49]} 6. c3 {[%clk 1:31:06]} Nf6 {[%clk 1:27:30]} 7. Re1
{[%clk 1:31:10]} e6 {[%clk 1:25:53]} 8. d4 {[%clk 1:30:49]} cxd4 {[%clk 1:13:51]}
9. cxd4 {[%clk 1:30:47]} d5 {[%clk 1:13:27]} 10. e5 Ne4 {[%clk 1:12:30]} 11. Nbd2
{[%clk 1:28:05]} Nxd2 {[%clk 1:11:50]} 12. Bxd2 {[%clk 1:28:11]} Rc8
{[%clk 1:10:10]} 13. Rc1 {[%clk 1:22:58]} Be7 {[%clk 1:06:27]} 14. Rc3
{[%clk 1:20:00]} O-O {[%clk 0:49:32]} 15. a3 {[%clk 1:15:26]} b5 {[%clk 0:37:39]}
16. Rd3 {[%clk 1:14:15]} b4 {[%clk 0:28:42]} 17. a4 {[%clk 1:12:22]} Na5
{[%clk 0:24:51]} 18. b3 {[%clk 1:11:12]} Rc7 {[%clk 0:24:07]} 19. h4
{[%clk 1:09:00]} Rfc8 {[%clk 0:19:15]} 20. Ng5 {[%clk 1:05:46]} h6
{[%clk 0:13:10]} 21. Nh3 Rc3 {[%clk 0:04:53]} 22. Bxc3 {[%clk 0:57:16]} bxc3
{[%clk 0:05:21]} 23. Rg3 {[%clk 0:27:01]} Bxh4 {[%clk 0:02:47]} 24. Rg4
{[%clk 0:23:15]} Be7 {[%clk 0:03:05]} 25. Qc2 {[%clk 0:14:40]} Nc6
{[%clk 0:02:18]} 26. Rc1 {[%clk 0:13:33]} Ba3 {[%clk 0:01:35]} 27. Qxc3
{[%clk 0:12:48]} Bxc1 {[%clk 0:01:47]} 28. Qxc1 {[%clk 0:13:13]} Nxe5
{[%clk 0:01:55]} 29. Qf4 {[%clk 0:12:35]} Nxg4 {[%clk 0:02:13]} 30. Qxg4
{[%clk 0:12:58]} Qd6 {[%clk 0:01:51]} 31. g3 {[%clk 0:13:07]} Qe7
{[%clk 0:01:40]} 32. Nf4 {[%clk 0:12:59]} Qg5 {[%clk 0:01:20]} 33. Qh3
{[%clk 0:13:24]} Qf6 {[%clk 0:01:04]} 34. Kg2 {[%clk 0:13:05]} Qxd4
{[%clk 0:01:14]} 35. Ng6 {[%clk 0:13:19]} Qe4+ {[%clk 0:01:37]} 0-1

[Event "Eliminacje_Strefowe_OP_SL_2024_C13"]
[Site "?"]
[Date "2024.09.10"]
[Round "2.7"]
[White "Rozycki, Tymoteusz"]
[Black "Musial, Bartosz"]
[Result "1/2-1/2"]
[BlackElo "1508"]
[WhiteElo "1457"]
[LiveChessVersion "1.4.8"]

1. d4 {[%clk 1:30:59]} d5 {[%clk 1:30:54]} 2. Nf3 {[%clk 1:31:23]} Nf6
{[%clk 1:31:14]} 3. e3 {[%clk 1:31:48]} e6 {[%clk 1:30:15]} 4. Bd3
{[%clk 1:31:59]} Be7 {[%clk 1:30:25]} 5. O-O {[%clk 1:32:20]} c5 {[%clk 1:30:14]}
6. b3 {[%clk 1:31:31]} Nc6 {[%clk 1:29:50]} 7. a3 {[%clk 1:31:02]} h6
{[%clk 1:28:16]} 8. Bb2 {[%clk 1:29:42]} b6 {[%clk 1:28:04]} 9. Nbd2
{[%clk 1:29:55]} O-O {[%clk 1:27:31]} 10. h3 {[%clk 1:30:13]} Bb7
{[%clk 1:27:30]} 11. Ne5 {[%clk 1:28:03]} Nxe5 {[%clk 1:24:06]} 12. dxe5
{[%clk 1:28:12]} Nd7 {[%clk 1:24:26]} 13. f4 {[%clk 1:24:50]} f6 {[%clk 1:24:24]}
14. Nf3 {[%clk 1:22:30]} fxe5 {[%clk 1:23:57]} 15. Nxe5 {[%clk 1:19:38]} Nxe5
{[%clk 1:24:18]} 16. Bxe5 {[%clk 1:17:41]} Bf6 {[%clk 1:24:36]} 17. Qg4
{[%clk 1:15:40]} Qe8 {[%clk 1:20:40]} 18. Qg6 {[%clk 1:00:49]} Qxg6
{[%clk 1:19:54]} 19. Bxg6 {[%clk 1:01:13]} Rad8 {[%clk 1:19:19]} 20. c3
{[%clk 0:55:27]} Rd7 {[%clk 1:02:25]} 21. Bxf6 {[%clk 0:52:50]} gxf6
{[%clk 0:59:12]} 22. Rad1 {[%clk 0:48:03]} Rfd8 {[%clk 0:55:59]} 23. Rf2
{[%clk 0:47:09]} Bc6 {[%clk 0:55:19]} 24. Rfd2 {[%clk 0:46:19]} Kf8
{[%clk 0:54:31]} 25. Kf2 {[%clk 0:44:59]} Rg7 {[%clk 0:54:18]} 26. Be4
{[%clk 0:39:21]} Ke8 {[%clk 0:51:26]} 27. Bf3 {[%clk 0:38:50]} Bb7
{[%clk 0:50:21]} 28. Bh5+ {[%clk 0:36:18]} Kd7 {[%clk 0:48:24]} 29. Bf3
{[%clk 0:35:02]} Kc7 {[%clk 0:48:35]} 30. g3 {[%clk 0:32:29]} Rdg8
{[%clk 0:48:09]} 31. Rg1 {[%clk 0:32:23]} 1/2-1/2

[Event "Eliminacje_Strefowe_OP_SL_2024_C13"]
[Site "?"]
[Date "2024.09.10"]
[Round "2.8"]
[White "Kaluza, Jakub"]
[Black "Klepacz, Jakub"]
[Result "1/2-1/2"]
[BlackElo "1496"]
[WhiteElo "1655"]
[LiveChessVersion "1.4.8"]

1. e4 e5 2. Nf3 Nc6 3. Nc3 Nf6 4. Bb5 Nd4 5. Ba4 c6 6. d3 Bc5 7. h3 d6 8. O-O h6
9. Nxd4 Bxd4 10. Ne2 Bb6 11. Be3 O-O 12. Ng3 d5 13. Bxb6 Qxb6 14. Bb3 Bd7 15. Kh1
Rad8 16. Qe2 Qc7 17. Rad1 a5 18. Rde1 Rfe8 19. c3 b6 20. Qe3 Bc8 21. Qc1 Ba6 22.
c4 dxc4 23. dxc4 Rd4 24. Rd1 Red8 25. f3 Rxd1 26. Rxd1 Rxd1+ 27. Qxd1 Qd7 28. Qc2
g6 29. Ne2 Qd6 30. a4 Nd7 31. Ba2 Nc5 32. b3 Nd3 33. Bb1 Nb4 34. Qc1 Qc5 35. Qd2
Kg7 36. Bc2 b5 37. cxb5 cxb5 38. axb5 Bxb5 39. Bd1 Nd3 40. Nc3 Ba6 41. Kh2 Nf4
42. Na4 Qc7 43. g3 Ne6 44. Nc3 Nd4 45. Nd5 Qc5 46. Kg2 Qb5 47. Ne3 Nxb3 48. Bxb3
Qxb3 49. Qxa5 Qb2+ 50. Kg1 Qc1+ 51. Kf2 Qb2+ 52. Kg1 Bd3 53. Qe1 Qd4 54. Kg2 h5
55. Qc1 f6 56. h4 Qa7 57. Qd2 Qd4 58. Qc1 Qa7 59. Qd2 Qd4 1/2-1/2

[Event "Eliminacje_Strefowe_OP_SL_2024_C13"]
[Site "?"]
[Date "2024.09.10"]
[Round "2.9"]
[White "Karnowka, Kacper"]
[Black "Furas, Pawel"]
[Result "1/2-1/2"]
[BlackElo "1470"]
[WhiteElo "1507"]
[LiveChessVersion "1.4.8"]

1. e4 {[%clk 1:30:58]} c5 {[%clk 1:30:55]} 2. Nf3 {[%clk 1:31:21]} d6
{[%clk 1:31:20]} 3. d4 {[%clk 1:31:46]} cxd4 4. Qxd4 {[%clk 1:31:55]} Nc6
{[%clk 1:31:35]} 5. Bb5 {[%clk 1:31:39]} Qa5+ {[%clk 1:21:48]} 6. Nc3
{[%clk 1:30:59]} Qxb5 {[%clk 1:21:33]} 7. Nxb5 {[%clk 1:31:12]} Nxd4
{[%clk 1:22:00]} 8. Nfxd4 {[%clk 1:31:24]} Kd8 {[%clk 1:21:58]} 9. O-O
{[%clk 1:30:21]} g6 {[%clk 1:20:14]} 10. Bg5 {[%clk 1:30:25]} Bg7
{[%clk 1:20:08]} 11. Nxd6 {[%clk 1:30:38]} Bxd4 {[%clk 1:19:41]} 12. Nxf7+
{[%clk 1:30:51]} Ke8 {[%clk 1:19:16]} 13. Nxh8 {[%clk 1:31:08]} Bxh8
{[%clk 1:19:34]} 14. c3 {[%clk 1:31:20]} Be6 {[%clk 0:57:59]} 15. f4
{[%clk 1:29:18]} Bf6 {[%clk 0:54:22]} 16. Bxf6 Nxf6 {[%clk 0:52:32]} 17. f5
{[%clk 1:28:23]} gxf5 {[%clk 0:51:04]} 18. exf5 {[%clk 1:28:32]} Bd5
{[%clk 0:49:26]} 19. h3 {[%clk 1:28:06]} h5 {[%clk 0:49:43]} 20. Rf4
{[%clk 1:28:18]} Kf7 {[%clk 0:49:07]} 21. g4 {[%clk 1:28:12]} Rg8
{[%clk 0:48:38]} 22. Kf2 {[%clk 1:24:09]} hxg4 {[%clk 0:48:44]} 23. hxg4
{[%clk 1:24:32]} Nxg4+ {[%clk 0:48:36]} 24. Ke2 {[%clk 1:24:30]} Ne5
{[%clk 0:38:57]} 25. Rd4 {[%clk 1:21:55]} e6 {[%clk 0:28:16]} 26. fxe6+
{[%clk 1:22:10]} Kxe6 {[%clk 0:28:38]} 27. b3 {[%clk 1:21:41]} Rg2+
{[%clk 0:28:18]} 28. Ke3 {[%clk 1:21:23]} Rg3+ {[%clk 0:28:27]} 29. Kf2
{[%clk 1:21:10]} Rg2+ {[%clk 0:28:48]} 30. Ke3 {[%clk 1:21:32]} Rg3+
{[%clk 0:28:58]} 31. Kf2 {[%clk 1:21:53]} Rg2+ {[%clk 0:29:22]} 1/2-1/2

[Event "Eliminacje_Strefowe_OP_SL_2024_C13"]
[Site "?"]
[Date "2024.09.10"]
[Round "2.10"]
[White "Furas, Piotr"]
[Black "Kowalik, Igor"]
[Result "0-1"]
[BlackElo "1501"]
[WhiteElo "1406"]
[LiveChessVersion "1.4.8"]

1. e4 {[%clk 1:30:58]} c5 {[%clk 1:30:54]} 2. c3 {[%clk 1:31:22]} Nf6
{[%clk 1:30:46]} 3. e5 {[%clk 1:31:29]} Nd5 {[%clk 1:30:08]} 4. d4
{[%clk 1:31:19]} cxd4 {[%clk 1:28:29]} 5. cxd4 {[%clk 1:31:24]} Nc6
{[%clk 1:27:56]} 6. Nf3 {[%clk 1:30:51]} g6 {[%clk 1:24:38]} 7. g3
{[%clk 1:22:40]} d6 {[%clk 1:21:42]} 8. Bg2 {[%clk 1:11:56]} Bg7 {[%clk 1:18:24]}
9. O-O {[%clk 1:03:13]} O-O {[%clk 1:16:25]} 10. Re1 {[%clk 1:03:00]} dxe5
{[%clk 1:14:46]} 11. dxe5 {[%clk 1:02:44]} Nb6 {[%clk 1:13:26]} 12. Qxd8
{[%clk 1:02:31]} Rxd8 {[%clk 1:13:41]} 13. Nc3 {[%clk 1:02:25]} Bg4
{[%clk 1:12:11]} 14. Bf4 {[%clk 0:59:48]} Nb4 {[%clk 1:09:25]} 15. Rad1
{[%clk 0:59:22]} Nd3 {[%clk 1:08:03]} 16. Re2 {[%clk 0:58:18]} Nc4
{[%clk 1:04:42]} 17. b3 {[%clk 0:57:52]} Bxf3 {[%clk 1:00:33]} 18. Bxf3
{[%clk 0:58:07]} Ncxe5 {[%clk 1:00:32]} 19. Bg2 {[%clk 0:56:36]} Nxf4
{[%clk 0:58:58]} 20. Rxd8+ {[%clk 0:56:50]} Rxd8 {[%clk 0:59:17]} 21. gxf4
{[%clk 0:56:58]} Nd3 {[%clk 0:57:14]} 22. Ne4 {[%clk 0:56:25]} Nxf4
{[%clk 0:57:12]} 23. Rc2 {[%clk 0:56:28]} Nxg2 {[%clk 0:54:50]} 24. Kxg2
{[%clk 0:56:37]} Be5 {[%clk 0:53:38]} 25. Re2 {[%clk 0:56:53]} Bd6 26. a4
{[%clk 0:56:50]} f5 {[%clk 0:52:04]} 27. Nc3 {[%clk 0:55:52]} Kf7
{[%clk 0:49:40]} 28. Nb5 {[%clk 0:55:45]} a6 {[%clk 0:49:24]} 29. Nd4
{[%clk 0:55:29]} e5 {[%clk 0:48:58]} 30. Nf3 {[%clk 0:55:37]} Kf6
{[%clk 0:49:00]} 31. h3 {[%clk 0:55:48]} e4 {[%clk 0:48:36]} 32. Nd2
{[%clk 0:56:01]} Bf4 {[%clk 0:47:41]} 33. Nc4 {[%clk 0:55:49]} Rd3
{[%clk 0:46:54]} 34. b4 {[%clk 0:55:26]} Rb3 {[%clk 0:46:40]} 35. Rb2
{[%clk 0:54:55]} Rxb2 {[%clk 0:45:59]} 36. Nxb2 {[%clk 0:55:17]} b5
{[%clk 0:45:57]} 37. axb5 {[%clk 0:55:32]} axb5 {[%clk 0:46:21]} 38. f3
{[%clk 0:55:49]} Bd2 {[%clk 0:45:24]} 39. fxe4 {[%clk 0:56:10]} fxe4
{[%clk 0:45:41]} 40. Kf2 {[%clk 0:56:32]} Bxb4 {[%clk 0:45:42]} 0-1

[Event "Eliminacje_Strefowe_OP_SL_2024_C13"]
[Site "?"]
[Date "2024.09.10"]
[Round "2.11"]
[White "Zaglowek, Blazej"]
[Black "Kieca, Szymon"]
[Result "1-0"]
[BlackElo "1436"]
[WhiteElo "1499"]
[LiveChessVersion "1.4.8"]

1. e4 {[%clk 1:30:54]} e5 {[%clk 1:30:52]} 2. Nf3 {[%clk 1:31:14]} Nc6
{[%clk 1:30:56]} 3. Nc3 {[%clk 1:31:36]} Nf6 {[%clk 1:30:57]} 4. a3
{[%clk 1:31:37]} a6 {[%clk 1:29:44]} 5. d4 {[%clk 1:31:32]} exd4 {[%clk 1:25:15]}
6. Nxd4 {[%clk 1:31:42]} Bd6 {[%clk 1:21:56]} 7. Nf5 {[%clk 1:24:38]} O-O
{[%clk 1:21:53]} 8. Nxd6 {[%clk 1:23:35]} cxd6 {[%clk 1:22:06]} 9. Bd3
{[%clk 1:19:41]} b5 {[%clk 1:19:56]} 10. O-O {[%clk 1:17:41]} Bb7
{[%clk 1:18:16]} 11. Bg5 {[%clk 1:13:57]} Nd4 {[%clk 1:13:00]} 12. Nd5
{[%clk 1:06:46]} Kh8 {[%clk 1:10:04]} 13. Bxf6 {[%clk 0:49:45]} gxf6
{[%clk 1:07:14]} 14. Qh5 {[%clk 0:42:48]} Rg8 {[%clk 1:02:35]} 15. Qxf7
{[%clk 0:29:49]} Rg6 {[%clk 0:51:04]} 16. Nf4 {[%clk 0:21:25]} Rg5
{[%clk 0:46:38]} 17. Kh1 {[%clk 0:18:14]} Rc8 {[%clk 0:41:05]} 18. c3
{[%clk 0:16:17]} Nc6 {[%clk 0:39:27]} 19. Ne6 {[%clk 0:12:35]} dxe6
{[%clk 0:38:19]} 20. Qxb7 {[%clk 0:12:47]} Rc5 {[%clk 0:34:06]} 21. b4
{[%clk 0:10:27]} Rxc3 {[%clk 0:28:35]} 22. Be2 {[%clk 0:07:51]} Ra8
{[%clk 0:25:54]} 23. Rac1 {[%clk 0:06:13]} Ra7 {[%clk 0:24:55]} 24. Qxa7
{[%clk 0:06:23]} Rxc1 {[%clk 0:23:25]} 25. Qxa6 {[%clk 0:06:14]} Rxf1+
{[%clk 0:20:21]} 26. Bxf1 {[%clk 0:06:37]} Nd4 {[%clk 0:18:17]} 27. Qb7
{[%clk 0:04:36]} Kg8 {[%clk 0:16:43]} 28. Bxb5 {[%clk 0:03:39]} Nxb5
{[%clk 0:16:38]} 29. Qxb5 {[%clk 0:04:02]} Qc8 {[%clk 0:16:15]} 30. g3
{[%clk 0:04:03]} Qa8 {[%clk 0:16:04]} 31. Qd3 {[%clk 0:04:08]} f5
{[%clk 0:15:46]} 32. f3 {[%clk 0:04:08]} Qc6 {[%clk 0:15:52]} 33. exf5
{[%clk 0:03:47]} Qc1+ {[%clk 0:15:45]} 34. Kg2 {[%clk 0:04:04]} exf5
{[%clk 0:15:12]} 35. Qxf5 {[%clk 0:03:47]} Qd2+ {[%clk 0:15:29]} 36. Kh3
{[%clk 0:04:03]} Qh6+ {[%clk 0:15:38]} 37. Kg4 {[%clk 0:03:57]} Qg7+
{[%clk 0:15:37]} 38. Qg5 {[%clk 0:04:03]} d5 {[%clk 0:15:43]} 39. Qxg7+
{[%clk 0:04:17]} Kxg7 {[%clk 0:16:02]} 40. Kf4 {[%clk 0:04:38]} Kf6
{[%clk 0:16:10]} 41. b5 {[%clk 0:04:42]} d4 {[%clk 0:16:18]} 42. Ke4
{[%clk 0:05:04]} d3 {[%clk 0:16:27]} 43. Kxd3 {[%clk 0:05:30]} h5
{[%clk 0:16:50]} 44. b6 {[%clk 0:05:53]} h4 {[%clk 0:17:10]} 45. b7
{[%clk 0:06:15]} h3 {[%clk 0:17:13]} 46. b8=Q {[%clk 0:06:36]} Ke6
{[%clk 0:17:23]} 47. a4 {[%clk 0:06:52]} Kd7 {[%clk 0:17:34]} 48. a5
{[%clk 0:07:15]} Kc6 {[%clk 0:17:52]} 49. a6 {[%clk 0:07:35]} Kd5
{[%clk 0:18:08]} 50. a7 {[%clk 0:07:51]} Kc5 {[%clk 0:18:31]} 51. a8=R
{[%clk 0:07:59]} Kc6 {[%clk 0:18:46]} 52. Ra6+ {[%clk 0:08:17]} Kd5
{[%clk 0:18:59]} 53. Qd6# {[%clk 0:08:01]} 1-0

[Event "Eliminacje_Strefowe_OP_SL_2024_C13"]
[Site "?"]
[Date "2024.09.10"]
[Round "3.1"]
[White "Czeremcha, Piotr"]
[Black "Rajbharath, Harjith"]
[Result "1/2-1/2"]
[BlackElo "1813"]
[WhiteElo "1762"]
[LiveChessVersion "1.4.8"]

1. e4 {[%clk 1:30:56]} e6 {[%clk 1:30:48]} 2. d4 {[%clk 1:31:18]} d5
{[%clk 1:31:09]} 3. exd5 {[%clk 1:31:30]} exd5 {[%clk 1:31:18]} 4. Nf3
{[%clk 1:31:41]} Nf6 {[%clk 1:31:46]} 5. Bd3 {[%clk 1:31:53]} Bd6
{[%clk 1:32:14]} 6. Qe2+ {[%clk 1:32:04]} Qe7 {[%clk 1:32:20]} 7. Qxe7+
{[%clk 1:32:25]} Bxe7 {[%clk 1:32:42]} 8. Bf4 {[%clk 1:32:51]} c6
{[%clk 1:32:54]} 9. h3 {[%clk 1:32:57]} h6 {[%clk 1:33:17]} 10. O-O
{[%clk 1:32:47]} O-O {[%clk 1:33:25]} 11. Re1 {[%clk 1:32:44]} Re8
{[%clk 1:33:16]} 12. Nbd2 {[%clk 1:32:39]} Be6 {[%clk 1:33:30]} 13. c3
{[%clk 1:33:01]} Nbd7 {[%clk 1:33:46]} 14. Re2 {[%clk 1:32:43]} Bf8
{[%clk 1:30:47]} 15. Rae1 {[%clk 1:30:20]} Rac8 {[%clk 1:30:19]} 16. Bg3
{[%clk 1:29:39]} Kh8 {[%clk 1:18:05]} 17. Ne5 {[%clk 1:28:51]} Nxe5
{[%clk 1:16:43]} 18. Bxe5 {[%clk 1:29:09]} Nd7 {[%clk 1:15:46]} 19. Bg3
{[%clk 1:29:21]} Be7 {[%clk 1:12:41]} 20. Nf3 {[%clk 1:25:08]} Kg8
{[%clk 1:11:11]} 21. Ne5 {[%clk 1:21:52]} Nxe5 {[%clk 1:11:30]} 22. Bxe5
{[%clk 1:21:36]} Rcd8 {[%clk 1:09:58]} 23. Kf1 {[%clk 1:18:08]} Bd6
{[%clk 1:08:31]} 24. Re3 {[%clk 1:17:11]} Bxe5 {[%clk 1:08:39]} 25. Rxe5
{[%clk 1:17:33]} Bd7 {[%clk 1:08:40]} 26. Rxe8+ {[%clk 1:17:27]} Rxe8
{[%clk 1:09:02]} 27. Rxe8+ {[%clk 1:15:20]} Bxe8 {[%clk 1:09:28]} 28. Ke2
{[%clk 1:15:13]} Kf8 {[%clk 1:09:40]} 29. b4 Ke7 {[%clk 1:09:52]} 30. h4
{[%clk 1:14:29]} g5 {[%clk 1:09:22]} 31. hxg5 {[%clk 1:14:12]} hxg5
{[%clk 1:09:44]} 32. Ke3 {[%clk 1:12:51]} Bd7 {[%clk 1:09:45]} 33. f4
{[%clk 1:12:15]} f6 {[%clk 1:09:41]} 34. fxg5 {[%clk 1:08:09]} 1/2-1/2

[Event "Eliminacje_Strefowe_OP_SL_2024_C13"]
[Site "?"]
[Date "2024.09.10"]
[Round "3.2"]
[White "Smolinski, Wojciech"]
[Black "Reterski, Wiktor"]
[Result "1-0"]
[BlackElo "1621"]
[WhiteElo "1887"]
[LiveChessVersion "1.4.8"]

1. e4 {[%clk 1:30:58]} c5 {[%clk 1:30:57]} 2. Nf3 {[%clk 1:31:20]} e6
{[%clk 1:31:22]} 3. d4 {[%clk 1:31:44]} cxd4 {[%clk 1:31:44]} 4. Nxd4
{[%clk 1:32:04]} Nf6 {[%clk 1:32:07]} 5. Nc3 {[%clk 1:32:18]} Nc6
{[%clk 1:32:21]} 6. a3 {[%clk 1:32:41]} d6 {[%clk 1:32:42]} 7. Be2
{[%clk 1:32:50]} Be7 {[%clk 1:33:05]} 8. Be3 {[%clk 1:33:02]} Bd7
{[%clk 1:31:22]} 9. O-O {[%clk 1:32:01]} Nxd4 {[%clk 1:31:03]} 10. Bxd4
{[%clk 1:31:43]} Bc6 {[%clk 1:30:00]} 11. Qd3 {[%clk 1:29:56]} O-O
{[%clk 1:17:10]} 12. f4 {[%clk 1:28:12]} d5 {[%clk 1:07:00]} 13. e5
{[%clk 1:23:33]} Nd7 {[%clk 1:02:56]} 14. b4 {[%clk 1:10:48]} b6 {[%clk 1:01:55]}
15. Qh3 {[%clk 1:07:07]} Re8 {[%clk 0:53:46]} 16. Bd3 {[%clk 0:53:54]} g6
{[%clk 0:52:11]} 17. Ne2 {[%clk 0:28:54]} Nf8 {[%clk 0:50:37]} 18. g4
{[%clk 0:21:38]} f5 {[%clk 0:47:31]} 19. Rf2 {[%clk 0:14:32]} Kh8
{[%clk 0:43:45]} 20. Rg2 {[%clk 0:13:15]} a5 {[%clk 0:35:01]} 21. gxf5
{[%clk 0:08:11]} exf5 {[%clk 0:34:08]} 22. Bxf5 {[%clk 0:06:55]} gxf5
{[%clk 0:33:21]} 23. Qh6 {[%clk 0:07:14]} Ne6 {[%clk 0:30:37]} 24. Qxe6
{[%clk 0:06:51]} Bb5 {[%clk 0:29:07]} 25. Qh6 {[%clk 0:06:10]} 1-0